Encyclopedia of Buddhism / (Record no. 2775)
[ view plain ]
| 000 -LEADER | |
|---|---|
| fixed length control field | 00647cam a2200193 4500 |
| 001 - CONTROL NUMBER | |
| control field | 3426 |
| 005 - DATE AND TIME OF LATEST TRANSACTION | |
| control field | 20181127171202.0 |
| 008 - FIXED-LENGTH DATA ELEMENTS--GENERAL INFORMATION | |
| fixed length control field | 100121s2007 enka bd 001 0 eng c |
| 010 ## - LIBRARY OF CONGRESS CONTROL NUMBER | |
| LC control number | 2010275066 |
| 020 ## - INTERNATIONAL STANDARD BOOK NUMBER | |
| International Standard Book Number | 0415314143 (hbk.) |
| International Standard Book Number | 9780415556248 |
| 245 ## - TITLE STATEMENT | |
| Title | Encyclopedia of Buddhism / |
| Remainder of title | |
| Statement of responsibility, etc. | edited by Damien Keown and Charles S. Prebish. |
| Inclusive dates | |
| Bulk dates | |
| Medium | |
| Form | |
| Number of part/section of a work | |
| Name of part/section of a work | |
| Version | |
| 260 ## - PUBLICATION, DISTRIBUTION, ETC. | |
| Place of publication, distribution, etc. | London ; |
| -- | New York : |
| Name of publisher, distributor, etc. | Routledge, |
| Date of publication, distribution, etc. | 2010. |
| 300 ## - PHYSICAL DESCRIPTION | |
| Extent | xxviii, 923 p. : |
| Other physical details | ill. ; |
| Dimensions | 26 cm. |
| 504 ## - BIBLIOGRAPHY, ETC. NOTE | |
| Bibliography, etc. note | Includes bibliographical references (p. 864-886) and index. |
| 650 #0 - SUBJECT ADDED ENTRY--TOPICAL TERM | |
| Topical term or geographic name entry element | Buddhism |
| Form subdivision | Dictionaries. |
| 700 1# - ADDED ENTRY--PERSONAL NAME | |
| Personal name | Keown, Damien, |
| Dates associated with a name | 1951- |
| Personal name | Prebish, Charles S. |
| Withdrawn status | Lost status | Source of classification or shelving scheme | Damaged status | Not for loan | Collection code | Home library | Current library | Shelving location | Serial Enumeration / chronology | Inventory number | Total Checkouts | Full call number | Barcode | Date last seen | Copy number | Price effective from | Koha item type | Date last checked out |
|---|---|---|---|---|---|---|---|---|---|---|---|---|---|---|---|---|---|---|
| Dewey Decimal Classification | Reference | RTC Library | RTC Library | Reference | 5910 | 240 KEO | 30001438 | 27/11/2018 | 1 | 27/11/2018 | Reference | |||||||
| Dewey Decimal Classification | Main TEST | RTC Library | RTC Library | Main opac | 8608 | 1 | 240 KEO | 30008763 | 26/03/2019 | 2 | 27/11/2018 | Main | 23/03/2019 |